| 000 | 01239nam0a22003251 4500 | ||
|---|---|---|---|
| 001 | v19\rc\1692540 | ||
| 005 | 20250619024138.0 | ||
| 035 | _a(NLR Aleph) 004796093 | ||
| 090 |
_a4780002 _c4780002 |
||
| 100 | _a20061002e18971897|||y0rusy50 ca | ||
| 101 | 0 | _arus | |
| 102 | _aRU | ||
| 105 | _ay z ||||| | ||
| 200 | 1 |
_aОплата корма молочным скотом _f[П.Н. Кулешов] |
|
| 210 |
_aМосква _cт-во скоропеч. А.А. Левенсон _d[1897] |
||
| 215 |
_a8 с. _d22 |
||
| 300 | _aАвт. указан в конце текста | ||
| 309 | _aБез тит. л. и обл. | ||
| 311 | _aИзвлеч. из журн. "Сел. хоз-во" за май 1897 г. | ||
| 488 | 0 |
_12001#$aСельское хозяйство$v1897, май _tСельское хозяйство |
|
| 700 | 1 |
_7ca _8rus _aКулешов _bП. Н. _cспециалист в обл. животноводства _f1854-1936 _gПавел Николаевич _9153407 _3RU\NLR\AUTH\770153445 |
|
| 801 | 0 |
_aRU _bNLR _gpsbo |
|
| 801 | 0 |
_aRU _bRuMoRGB _2psbo |
|
| 801 | 1 |
_aRU _bProSoft-M _2rusmarc |
|
| 852 |
_aNLR _j18.152.1.180 |
||
| 899 |
_aRuMoRGB _jA 244/379 |
||
| 899 | _aБАН | ||
| 942 | _cBOOK | ||
| 980 | _aNB | ||